000 00626cam a22002293a 4500
001 19518
003 PGUSA
005 20140828083420.0
008 061010s2006||||xxu|||||s|||||000 | eng d
040 _aPGUSA
_beng
042 _adc
050 4 _aE011
100 1 _aDorsey, James Owen,
_d1848-1895
245 1 0 _aSiouan Sociology
_h[electronic resource] /
_cJames Owen Dorsey
260 _bProject Gutenberg,
_c2006
506 _aPublic domain in the USA.
516 _aElectronic text
653 _aSiouan Indians
830 0 _aProject Gutenberg
_v19518
856 4 0 _uhttp://www.gutenberg.org/ebooks/19518
942 _cEB
999 _c248773
_d248773